Central Library OPAC University of Rajshahi

The gifted child grows up : (Record no. 14616)

MARC details
000 -LEADER
fixed length control field 01144nam a22003252 4500
001 - CONTROL NUMBER
control field 14616
003 - CONTROL NUMBER IDENTIFIER
rucl marc code BD-RjUL
005 - DATE AND TIME OF LATEST TRANSACTION
control field 20211208235648.0
008 - FIXED-LENGTH DATA ELEMENTS--GENERAL INFORMATION
fixed length control field 140206s1947 cau b 001 0 eng d
035 ## - SYSTEM CONTROL NUMBER
System control number (BD-RjUL)14669
040 ## - CATALOGING SOURCE
Original cataloging agency RID
Transcribing agency RID
Modifying agency BD-RjUL
Language of cataloging eng
041 00 - LANGUAGE CODE
Language code of text/sound track or separate title eng
082 ## - DEWEY DECIMAL CLASSIFICATION NUMBER
Classification number 136.765082
Author mark and year TEG 1947
100 1# - MAIN ENTRY--PERSONAL NAME
Personal name Terman, Lewis M.
Fuller form of name (Lewis Madison),
Dates associated with a name 1877-1956.
9 (RLIN) 45562
245 14 - TITLE STATEMENT
Title The gifted child grows up :
Remainder of title twenty-five years' follow-up of a superior group /
Statement of responsibility, etc. by Lewis M. Terman and Melita H. Oden, in association with Nancy Bayley ... [et al.].
260 ## - PUBLICATION, DISTRIBUTION, ETC. (IMPRINT)
Place of publication, distribution, etc. Stanford, Calif :
Name of publisher, distributor, etc. Stanford University Press,
Date of publication, distribution, etc. c1947.
300 ## - PHYSICAL DESCRIPTION
Pagination xiv, 448 p. ;
Size 23 cm.
490 1# - SERIES STATEMENT
Series statement Genetic studies of genius ;
Volume/sequential designation v. 4
500 ## - GENERAL NOTE
General note Includes index.
General note Includes tables.
504 ## - BIBLIOGRAPHY, ETC. NOTE
Bibliography, etc Bibliography: p. 383-391.
650 #0 - SUBJECT ADDED ENTRY--TOPICAL TERM
Topical term or geographic name as entry element Genius.
9 (RLIN) 37487
Topical term or geographic name as entry element Gifted children.
9 (RLIN) 45563
700 1# - ADDED ENTRY--PERSONAL NAME
Personal name Oden, Melita H.
Personal name Bayley, Nancy,
Dates associated with a name 1899-
830 #0 - SERIES ADDED ENTRY--UNIFORM TITLE
Volume number/sequential designation v. 4
830 #0 - SERIES ADDED ENTRY--UNIFORM TITLE
Uniform title Genetic studies of genius ;
942 ## - ADDED ENTRY ELEMENTS (KOHA)
Source of classification or shelving scheme Dewey Decimal Classification
Koha item type Books
Holdings
Lost status Source of classification or shelving scheme Damaged status Not for loan Collection code Permanent Location Current Location Shelving location Date acquired Source of acquisition Cost, normal purchase price Total Checkouts Full call number Date last seen Copy number Koha item type
  Dewey Decimal Classification   Not For Loan Non-fiction Central Library, University of Rajshahi Central Library, University of Rajshahi Reading Room 10/09/1955 B.H Black well 2.85   136.765082 TEG 1947 06/02/2014 C-1 Books